| 000 | 00344nam a2200133Ia 4500 | ||
|---|---|---|---|
| 005 | 20251222141953.0 | ||
| 008 | 251222s9999||||xx |||||||||||||| ||spa|| | ||
| 020 | _a978-84-7299-750-9 | ||
| 082 | _a250.88/F57 | ||
| 100 | _aFlecha András, José-Román | ||
| 245 | 0 | _aDios es Amor: | |
| 264 | _bUniversidad Pontificia de Salamanca | ||
| 942 | _cLIB | ||
| 999 |
_c9763 _d9763 |
||